00389nam a2200145Ia 4500003000400000008004100004040001600045082002700061100003000088245004500118260002800163490000500191650001900196650002800215GCL140319s9999 xx 000 0 ara d aGCL / cGCL04aكاسيتb116bم ا1 aميادة الحناوى10aاشراق / cميادة الحناوى a[S.N] : bلا يوجد a04aالاغانى04aشرائط كاسيت